书目信息 |
| 题名: |
大学英语四级考试听力听写强化训练
|
|
| 作者: | 彭静 , 欧玲 编 | |
| 分册: | ||
| 出版信息: | 重庆 重庆大学出版社 1998.09 |
|
| 页数: | 196页 | |
| 开本: | 32开 | |
| 丛书名: | ||
| 单 册: | ||
| 中图分类: | H319.9 | |
| 科图分类: | ||
| 主题词: | 英语 | |
| 电子资源: | ||
| ISBN: | 7-5624-1834-9 | |
| 000 | 00625nam0 2200205 45 | |
| 001 | 0009031540 | |
| 005 | 20000903151621.0 | |
| 010 | @a7-5624-1834-9@d8.00元 | |
| 100 | @a20000903d1998 km y0chiy0120 ea | |
| 101 | 0 | @achi |
| 105 | @a z 000yy | |
| 200 | 1 | @a大学英语四级考试听力听写强化训练@ADa Xue Ying Yu Si Ji Kao Shi Ting Li Ting Xie Qiang Hua Xun Lian@f彭静,欧玲编@FPeng Jing,Ou Ling Bian |
| 210 | @a重庆@c重庆大学出版社@d1998.09 | |
| 215 | @a196页@d32开 | |
| 606 | 0 | @a英语 |
| 690 | @aH319.9@v3 | |
| 701 | 0 | @a彭静@4编 |
| 701 | 0 | @a欧玲@4编 |
| 801 | @aCN@bPftUser@c20000903 | |
| 905 | @b117920-924@dH319.9@eP.529@f5 | |
| 大学英语四级考试听力听写强化训练/彭静,欧玲编.-重庆:重庆大学出版社,1998.09 |
| 196页;32开 |
| ISBN 7-5624-1834-9:8.00元 |
| ● |
| 相关链接 |
|
|
|
正题名:大学英语四级考试听力听写强化训练
索取号:H319.9/P.529
 
预约/预借
| 序号 | 登录号 | 条形码 | 馆藏地/架位号 | 状态 | 备注 |
| 1 | 117920 | 201179205 | 语言库209/209语言库 105排2列6层/ [索取号:H319.9/P.529] | 在馆 | |
| 2 | 117921 | 201179214 | 语言库209/209语言库 105排2列6层/ [索取号:H319.9/P.529] | 在馆 | |
| 3 | 117922 | 201179223 | 语言库209/209语言库 105排2列6层/ [索取号:H319.9/P.529] | 在馆 | |
| 4 | 117923 | 201179232 | 语言库209/209语言库 105排2列6层/ [索取号:H319.9/P.529] | 在馆 | |
| 5 | 117924 | 201179241 | 语言库209/209语言库 105排2列6层/ [索取号:H319.9/P.529] | 在馆 |